Normal view
MARC view
Entry Topical Term
001 - CONTROL NUMBER
- control field: 2871
003 - CONTROL NUMBER IDENTIFIER
- control field: ARRUPE
005 - DATE AND TIME OF LATEST TRANSACTION
- control field: 20131023171444.0
008 - FIXED-LENGTH DATA ELEMENTS
- fixed length control field: 131023|| aca||aabn | a|a d
040 ## - CATALOGING SOURCE
- Original cataloging agency: ARRUPE
- Transcribing agency: ARRUPE
150 ## - HEADING--TOPICAL TERM
- Topical term or geographic name as entry element: Corruption
- Geographic subdivision: Nigeria.
670 ## - SOURCE DATA FOUND
- Source citation: Work cat.: (ARRUPE)0: Smith, Daniel Jordan, 1961- 2870, A culture of corruption :, c2007.